00871nam a22002657a 450000500170000001000130001702000230003002000150005303500130006803700160008104000120009708200130010910000240012224500750014625000170022126000370023827000470027530000250032250000190034765000340036665000350040094200220043599900190045795201290047620170124105917.0 aA-998199 c180.00a8175410388 c8175410345 aA-998199 bCen Lib/Ret aDPLbEN a025bJAI aJain, M. K.9105168 aLibrary manual :cby M. K. Jainba practical approach to management / arev. enl. ed aDelhibShipra Publicationsc1999 bDelhia115-A Vikas Marg, Shakarpure110092 axi, 323p.c22cm(pbk) aIncludes index aLibrary SciencevManual91817 aLibrary ServicesvManual93001 2ddccENh025mJAI c122904d122904 001040718REFaLbLd2015-05-30eCen Lib/Retg180.00l0o025 JAIpA-998199r2015-05-30 00:00:00t1v180.00w2015-05-30yEN